000 00446nam a2200133Ia 4500
008 170516s9999 xx 000 0 und d
245 _aRadiation protection and the safe use of X-ray equipment: Laws, regulations and responsibilities
260 _bSouth African Journal of Radiology
260 _c2012
300 _a16:2
650 _xRadiologic Technology
650 _xRadtech
856 _uhttp://www.sajr.org.za/index.php/sajr/issue/view/25
999 _c332751
_d332751